| 000 | 00998nam a2200277Ia 4500 | ||
|---|---|---|---|
| 005 | 20210727153226.0 | ||
| 008 | 141031s9999 ck 000 0 spa d | ||
| 020 | _a9789588296357 | ||
| 082 | 0 | 4 |
_a712.09861 _bM17b |
| 100 | 1 | _aMartínez Concha, Santiago | |
| 245 | 1 | 0 |
_aBogotá _bdibujos en luz y sombras _cSantiago Martínez Concha |
| 250 | _a1a. editoción | ||
| 300 |
_a159 páginas _bilustraciones _c32 cm |
||
| 500 | _aIncluye índice de obras | ||
| 650 | 1 | 4 |
_2LEMB _aPaisajes _zBogotá (Colombia) _vDibujos |
| 650 | 1 | 4 |
_2LEMB _aSitios históricos _zBogotá (Colombia) _vDibujos |
| 650 | 1 | 4 |
_2LEMB _aDibujo colombiano _zBogotá (Colombia) |
| 650 | 1 | 4 |
_2LEMB _aDibujo a pluma _zBogotá (Colombia) |
| 651 | 1 | 4 |
_aBogotá (Colombia) _xHistoria _vDibujos _915013 |
| 942 |
_2ddc _cBK |
||
| 264 |
_aBogotá _bEdiciones gato azul _bCangrejo Editores _c2011 |
||
| 336 |
_atexto _btxt _2rdacontent |
||
| 337 |
_asin mediación _bn _2rdamedia |
||
| 338 |
_avolumen _bnc _2rdacarrier |
||
| 040 |
_aCO-BoRNBP _bspa _erda _cCO-BoRNBP |
||
| 999 |
_c4464 _d4464 |
||